LIBRARY SCIENCE: FUNCTIONS AND PRACTICES (Record no. 216193)

MARC details
000 -LEADER
fixed length control field 00499nam a22001577a 4500
008 - FIXED-LENGTH DATA ELEMENTS--GENERAL INFORMATION
fixed length control field 251117b |||||||| |||| 00| 0 eng d
020 ## - INTERNATIONAL STANDARD BOOK NUMBER
International Standard Book Number 979-8-88715-083-3
100 ## - MAIN ENTRY--PERSONAL NAME
Personal name FINDLEY, BORIS
245 ## - TITLE STATEMENT
Title LIBRARY SCIENCE: FUNCTIONS AND PRACTICES
260 ## - PUBLICATION, DISTRIBUTION, ETC.
Place of publication, distribution, etc. DUBLIN
Name of publisher, distributor, etc. ORYSON PRESS
Date of publication, distribution, etc. 2023
300 ## - PHYSICAL DESCRIPTION
Extent V, 280P.
500 ## - GENERAL NOTE
General note INCLUDES INDEX
650 ## - SUBJECT ADDED ENTRY
Topical term or geographic name entry element 1.LIBRARY SCIENCE 2. LIBRARY ADMINISTRATION 3. LIBRARY SERVICES 4. INFORMATION RESOURCES MANAGEMNT
942 ## - ADDED ENTRY ELEMENTS (KOHA)
Source of classification or shelving scheme Library of Congress Classification
Koha item type Long Loan Book
Holdings
Withdrawn status Lost status Source of classification or shelving scheme Damaged status Not for loan Collection Home library Current library Shelving location Date acquired Inventory number Total checkouts Full call number Barcode Date last seen Date last checked out Copy number Price effective from Koha item type
    Library of Congress Classification     Science & Technology Kisii University Library Kisii University Library On Display 11/17/2025 109799 1 Z 665 .F56 2023 000000023606 03/09/2026 03/03/2026 C.1 11/17/2025 Long Loan Book
    Library of Congress Classification     Science & Technology Kisii University Library Kisii University Library On Display 11/17/2025 109800   Z 665 .F56 2023 000000023607 11/17/2025   C.2 11/17/2025 Long Loan Book
    Library of Congress Classification     Science & Technology Kisii University Library Kisii University Library On Display 11/17/2025 109801   Z 665 .F56 2023 000000023608 11/17/2025   C.3 11/17/2025 Long Loan Book
    Library of Congress Classification     Science & Technology Kisii University Library Kisii University Library On Display 11/17/2025 109802   Z 665 .F56 2023 000000023609 11/17/2025   C.4 11/17/2025 Long Loan Book